00460 2200181 4500001002100000008004100021035002000062245005600082260003300138300001700171020001800188084001600206082001000222650001000232990001200242990001200254990001200266INLIS000000000001300 Ind  a0010-0722000849 aAvatarbThe Legend Of AangcMichael Dante Dimartino aJakarta :bKomik Warnac2008 c12,8 x 19 cm a9789797791261 a741.3 MIC n a741.3 aKomik aDI.1662 aDI.1661 aDI.1964